[Event "elllobregat Open-A 2019"]
[Site "El Prat de Llobregat"]
[Date "2019.12.10"]
[Round "8.10"]
[White "Karthikeyan, Murali"]
[Black "Rathanvel, V S"]
[Result "1-0"]
[WhiteElo "2510"]
[BlackElo "2378"]
[Annotator "TA"]
[PlyCount "75"]
[EventDate "2019.12.03"]
[EventType "swiss"]
[EventCountry "ESP"]
[SourceTitle "playchess.com"]
[Source "ChessBase"]
[SourceQuality "1"]

{[%evp 24,75,17,21,58,45,100,100,141,125,133,133,118,135,142,134,139,136,132,131,125,129,131,139,133,142,535,539,539,212,521,541,525,522,510,505,500,491,490,485,526,519,561,561,1140,1140,29990,1133,1077,1109,1109,1072,943,925]} 1. e4 c5 2. Nf3 d6 3. d4 cxd4 4. Nxd4 Nf6 5. Nc3 a6 6. Be2 e6 7. Be3 Be7 8. O-O O-O 9. f4 Qc7 10. g4 Nc6 11. g5 Nd7 12. f5 Nxd4 13. Qxd4 ({Much weaker is} 13. Bxd4 Bxg5 14. fxe6 fxe6 $17) 13... Re8 {B85: Sicilian Scheveningen: 6 Be2 a6, lines with early Be3} 14. Rad1 Bf8 ({Black should try} 14... Qd8 $14) 15. fxe6 $16 fxe6 {White is better.} 16. Nd5 $1 {[%cal Rd5c7]} Qd8 17. Nf6+ $1 gxf6 $146 ({Predecessor:} 17... Nxf6 18. gxf6 gxf6 19. e5 f5 20. Kh1 Kh8 21. Rg1 {1-0 (29) Matinian,N (2510)-Salman,P (2272) Samara 2018}) 18. gxf6 Nxf6 {[#]} ({But not} 18... Ne5 $2 19. Bh5 $18) 19. Bg5 $1 {[%cal Rg5f6]} ({Don't do} 19. Rxf6 $6 e5 $14) (19. Qxf6 Qxf6 20. Rxf6 Be7 $14) 19... e5 20. Qf2 Bg7 21. Bxf6 Bxf6 22. Qxf6 Be6 {[#]} 23. Qh6 $1 {And now Kh1 would win.} Qe7 24. Rxd6 {[%mdl 64] Deflection} Qxd6 $4 {[%mdl 8192]} (24... Qg7+ $16 {is a better chance.} 25. Qxg7+ Kxg7) 25. Qg5+ $18 Kh8 26. Qf6+ $40 {[%mdl 128] White is out for blood.} Kg8 27. Rf3 {White wants to mate with Rg3+.} Qd4+ 28. Kf1 {Intending Rg3+ and mate.} Qxe4 {...Qg6 is the strong threat.} 29. Rg3+ Qg6 30. Rxg6+ hxg6 31. Qxg6+ Kf8 32. Bh5 Re7 33. Qf6+ {[%mdl 64] Double Attack} Bf7 34. Ke1 Ra7 35. Bxf7 (35. Qh8+ $142 Bg8 36. Qh6+ Rg7 37. Qd6+ Re7 38. Qd8+ Kg7 39. Qxe7+ {[%mdl 64] Double Attack} Kh6 40. Bf3) 35... Rxf7 {White is clearly winning.} 36. Qh8+ Ke7 37. Qxe5+ Kf8 38. Qb8+ {[%mdl 64] Double Attack. Accuracy: White = 72%, Black = 31%.} 1-0

[Event "elllobregat Open-A 2019"]
[Site "El Prat de Llobregat"]
[Date "2019.12.10"]
[Round "8.11"]
[White "Alonso Rosell, Alvar"]
[Black "Kacharava, Nikolozi"]
[Result "1-0"]
[WhiteElo "2617"]
[BlackElo "2105"]
[Annotator "ChessBase"]
[PlyCount "175"]
[EventDate "2019.12.03"]
[EventType "swiss"]
[EventCountry "ESP"]
[SourceTitle "playchess.com"]
[Source "ChessBase"]
[SourceQuality "1"]
[TimeControl "40/5400+30:1800+30"]

1. Nf3 {[%emt 0:15:18]} Nf6 {[%emt 0:00:22]} 2. g3 {[%emt 0:00:04]} g6 {[%emt 0:00:21]} 3. Bg2 {[%emt 0:00:46]} Bg7 {[%emt 0:00:21]} 4. c4 {[%emt 0:01:15]} d6 {[%emt 0:00:47]} 5. Nc3 {[%emt 0:01:05]} O-O {[%emt 0:01:04]} 6. O-O {[%emt 0:01:56]} Nc6 {[%emt 0:00:48]} 7. d3 {[%emt 0:00:33]} e5 {[%emt 0:00:57]} 8. Rb1 {[%emt 0:00:05]} a5 {[%emt 0:00:41]} 9. a3 {[%emt 0:00:05]} Re8 {[%emt 0:00:50]} 10. Bg5 {[%emt 0:38:31]} h6 11. Bxf6 {[%emt 0:02:27]} Bxf6 {[%emt 0:10:04]} 12. b4 {[%emt 0:00:14]} axb4 {[%emt 0:00:58]} 13. axb4 {[%emt 0:00:02]} Ne7 {[%emt 0:03:13]} 14. Nd2 {[%emt 0:02:52]} Bg7 {[%emt 0:02:04]} 15. Ra1 {[%emt 0:07:25]} Be6 {[%emt 0:08:56]} 16. Bxb7 {[%emt 0:09:23]} Rb8 {[%emt 0:03:44]} 17. Bg2 {[%emt 0:00:22]} Rxb4 {[%emt 0:10:16]} 18. Ra8 {[%emt 0:03:41]} Rb8 {[%emt 0:06:38]} 19. Rxb8 {[%emt 0:00:30]} Qxb8 {[%emt 0:00:01]} 20. Nd5 {[%emt 0:01:26]} Bxd5 {[%emt 0:02:26]} 21. cxd5 {[%emt 0:00:11]} Qa7 {[%emt 0:08:18]} 22. Qc2 {[%emt 0:05:33]} Rb8 {[%emt 0:02:22]} 23. Rc1 {[%emt 0:00:51]} Rb7 {[%emt 0:00:46]} 24. e3 {[%emt 0:00:37]} Qa3 {[%emt 0:07:24]} 25. Nc4 {[%emt 0:03:10]} Qb3 {[%emt 0:01:13]} 26. Qe2 {[%emt 0:02:15]} Ra7 {[%emt 0:03:32]} 27. Qd1 {[%emt 0:01:11]} Qxd1+ {[%emt 0:04:04]} 28. Rxd1 {[%emt 0:00:01]} Rb7 {[%emt 0:01:18]} 29. Kf1 {[%emt 0:00:09]} Nc8 {[%emt 0:09:17]} 30. Na5 {[%emt 0:01:59]} Rb5 {[%emt 0:02:35]} 31. Nc6 {[%emt 0:00:02]} Bf8 {[%emt 0:01:58]} 32. Ra1 {[%emt 0:00:52]} Ne7 {[%emt 0:01:27]} 33. Ra8 {[%emt 0:00:53]} Kg7 {[%emt 0:00:32]} 34. Rb8 {[%emt 0:00:42]} Rc5 {[%emt 0:01:39]} 35. Nb4 {[%emt 0:00:14]} Rc1+ {[%emt 0:04:14]} 36. Ke2 {[%emt 0:00:01]} Rb1 {[%emt 0:00:23]} 37. Na6 {[%emt 0:00:35]} Rc1 {[%emt 0:02:00]} 38. Kd2 {[%emt 0:00:53]} Rg1 {[%emt 0:00:40]} 39. Bf3 {[%emt 0:00:13]} Rf1 {[%emt 0:00:27]} 40. Ke2 {[%emt 0:00:00]} Rc1 {[%emt 0:00:00]} 41. Rb7 {[%emt 0:04:17]} Rc2+ {[%emt 0:03:57]} 42. Ke1 {[%emt 0:04:05]} c5 {[%emt 0:10:59]} 43. dxc6 {[%emt 0:08:10]} Nxc6 {[%emt 0:00:34]} 44. Kd1 {[%emt 0:02:08]} Ra2 {[%emt 0:09:27]} 45. Bxc6 {[%emt 0:00:10]} Rxa6 {[%emt 0:00:46]} 46. Bd5 {[%emt 0:00:01]} Kh8 {[%emt 0:01:02]} 47. Bxf7 {[%emt 0:00:53]} g5 {[%emt 0:01:07]} 48. Ke2 {[%emt 0:02:05]} Rc6 {[%emt 0:00:52]} 49. h3 {[%emt 0:01:02]} Rc2+ {[%emt 0:01:39]} 50. Kf3 {[%emt 0:00:02]} Rd2 {[%emt 0:00:57]} 51. Rd7 {[%emt 0:05:05]} Kg7 {[%emt 0:02:43]} 52. Be8+ {[%emt 0:01:03]} Kh8 {[%emt 0:00:43]} 53. Bg6 {[%emt 0:00:13]} Kg8 {[%emt 0:00:32]} 54. Bh7+ {[%emt 0:00:23]} Kh8 {[%emt 0:00:01]} 55. Bf5 {[%emt 0:00:09]} Rb2 {[%emt 0:01:09]} 56. Rf7 {[%emt 0:02:27]} Bg7 {[%emt 0:00:54]} 57. Kg4 {[%emt 0:00:24]} d5 {[%emt 0:01:04]} 58. Rd7 {[%emt 0:01:23]} Kg8 {[%emt 0:00:36]} 59. Kh5 {[%emt 0:03:21]} d4 {[%emt 0:01:03]} 60. exd4 {[%emt 0:00:56]} exd4 {[%emt 0:00:08]} 61. Be6+ {[%emt 0:00:22]} Kh7 {[%emt 0:00:01]} 62. Rd8 {[%emt 0:01:10]} Be5 {[%emt 0:00:46]} 63. f4 {[%emt 0:01:19]} gxf4 {[%emt 0:00:27]} 64. gxf4 Bf6 {[%emt 0:01:10]} 65. Bf5+ {[%emt 0:00:17]} Kg7 {[%emt 0:00:00]} 66. Rd7+ {[%emt 0:00:08]} Kf8 {[%emt 0:00:30]} 67. Kg6 {[%emt 0:00:53]} Be7 {[%emt 0:00:20]} 68. Be6 {[%emt 0:00:30]} Re2 {[%emt 0:00:59]} 69. Bg4 {[%emt 0:00:42]} Rb2 {[%emt 0:00:29]} 70. Kxh6 {[%emt 0:01:17]} Rb6+ {[%emt 0:00:16]} 71. Kh5 {[%emt 0:00:41]} Rd6 {[%emt 0:00:19]} 72. Rb7 {[%emt 0:00:33]} Kf7 {[%emt 0:00:37]} 73. Bf3 {[%emt 0:00:35]} Rd8 {[%emt 0:00:37]} 74. Be4 {[%emt 0:00:29]} Rh8+ {[%emt 0:00:48]} 75. Kg4 {[%emt 0:00:02]} Rd8 {[%emt 0:00:34]} 76. Bg6+ {[%emt 0:00:23]} Kf6 {[%emt 0:00:23]} 77. h4 {[%emt 0:00:11]} Ra8 {[%emt 0:00:22]} 78. h5 {[%emt 0:00:23]} Ra1 {[%emt 0:00:39]} 79. Rb6+ Kg7 {[%emt 0:00:01]} 80. Be4 {[%emt 0:00:23]} Rg1+ {[%emt 0:01:11]} 81. Kf5 {[%emt 0:00:02]} Bf8 {[%emt 0:00:35]} 82. h6+ {[%emt 0:00:41]} Kg8 {[%emt 0:00:09]} 83. Ke5 {[%emt 0:00:17]} Kh8 {[%emt 0:00:50]} 84. h7 {[%emt 0:00:34]} Rg7 {[%emt 0:00:27]} 85. Rb8 {[%emt 0:00:07]} Rf7 {[%emt 0:00:21]} 86. Bg6 {[%emt 0:00:14]} Re7+ {[%emt 0:00:40]} 87. Kf5 {[%emt 0:00:02]} Kg7 {[%emt 0:00:34]} 88. Rxf8 {[%emt 0:00:18]} 1-0

[Event "elllobregat Open-A 2019"]
[Site "El Prat de Llobregat"]
[Date "2019.12.10"]
[Round "8.12"]
[White "Erenberg, Ariel"]
[Black "Sankalp Gupta"]
[Result "0-1"]
[WhiteElo "2366"]
[BlackElo "2335"]
[Annotator "TA"]
[PlyCount "64"]
[EventDate "2019.12.03"]
[EventType "swiss"]
[EventCountry "ESP"]
[SourceTitle "playchess.com"]
[Source "ChessBase"]
[SourceQuality "1"]

{[%evp 14,64,36,26,31,22,39,39,37,33,123,108,91,94,132,135,133,60,109,20,29,28,20,0,0,0,30,38,22,10,43,-43,0,-91,218,225,227,204,192,0,0,-804,-840,-815,-828,-850,-911,-843,-828,-995,-982,-969,-838]} 1. d4 Nf6 2. c4 e6 3. Nf3 d5 4. g3 dxc4 5. Bg2 Bd7 6. Ne5 Bc6 7. Nxc6 Nxc6 8. e3 Qd7 {E04: Open Catalan: 5 Nf3} 9. O-O O-O-O 10. Nd2 e5 {White is slightly better.} 11. Nxc4 e4 $146 (11... exd4 $14 12. Qb3 Nd5) ({Predecessor:} 11... exd4 12. exd4 Qe6 13. Qa4 Rxd4 14. b3 Ne4 15. Bb2 Nc5 16. Qxc6 bxc6 17. Bxd4 {½-½ (26) Giri,A (2750)-Harikrishna,P (2726) Biel 2014}) 12. Bd2 h5 13. b4 Qd5 14. Rc1 h4 15. a4 (15. Qc2 $1 $16) 15... hxg3 {[#]} 16. fxg3 (16. b5 $1 $16) 16... Bxb4 $11 17. Bxb4 Nxb4 18. Ne5 a5 19. Qe2 b6 20. g4 Rde8 {Hoping for ...Rxe5.} 21. Rf5 {g5 is the strong threat.} Qa2 22. Qf1 ({White should try} 22. Qb5 $14 Kb8 23. Nc6+ Nxc6 24. Qxc6) 22... Kb8 $15 23. h3 (23. g5 $11 {remains equal.} Nfd5 24. Rxf7) 23... Rc8 $2 {[%mdl 8192]} (23... Qb3 $17 {and life is bright.} 24. Qf2 Qxa4 {[%mdl 64] Decoy}) 24. g5 $18 Nfd5 25. Bxe4 Rhd8 ({Avoid the trap} 25... Nxe3 $2 {[#]} 26. Qb5 $1 $18 {[%mdl 512]}) 26. Qf2 $2 ({Better is} 26. Rxf7 $18 {Black must now prevent Nd7+.} Nxe3 27. Qf2) 26... Qa3 $36 {[%mdl 2048] Black has some pressure.} 27. Bxd5 $4 {[%mdl 8192]} (27. Rc4 $11) 27... Qxc1+ $19 {Black is clearly winning.} 28. Kh2 Nxd5 29. Rxf7 Nxe3 30. Qf3 Nd5 31. Nd7+ {[#]} Rxd7 $1 32. Rxd7 Qd2+ {Accuracy: White = 42%, Black = 43%.} 0-1

[Event "elllobregat Open-A 2019"]
[Site "El Prat de Llobregat"]
[Date "2019.12.10"]
[Round "8.13"]
[White "Dhulipalla Bala Chandra Prasad"]
[Black "Movsziszian, Karen"]
[Result "1/2-1/2"]
[WhiteElo "2336"]
[BlackElo "2461"]
[Annotator "TA"]
[PlyCount "107"]
[EventDate "2019.12.03"]
[EventType "swiss"]
[EventCountry "ESP"]
[SourceTitle "playchess.com"]
[Source "ChessBase"]
[SourceQuality "1"]

{[%evp 19,107,0,0,0,0,-32,0,-10,0,-12,0,-2,28,20,27,31,22,5,12,7,37,0,0,0,33,33,31,30,44,40,39,38,45,38,45,32,45,45,43,39,52,17,17,17,17,17,17,17,17,17,17,17,17,10,10,10,10,0,10,10,10,10,10,10,10,10,10,0,10,0,10,10,10,10,10,0,10,10,10,10,10,0,0,0,10,0,10,10,10,0]} 1. d4 d6 2. g3 g6 3. Bg2 Bg7 4. Nf3 Nf6 5. O-O O-O 6. c4 c6 7. Nc3 Qb6 8. h3 Qa6 9. b3 b5 10. cxb5 cxb5 11. Bg5 {Bxf6 is the strong threat. E62: King's Indian: Fianchetto: 6...c6 and Panno Variation (6...Nc6) without ...a6} (11. Qd3 b4 12. Ne1 Bxh3 13. Bxh3 bxc3 14. Bg2 d5 15. Qxa6 Nxa6 16. Ba3 Ne4 17. e3 Rfe8 18. Nd3 e6 19. Rac1 {½-½ (49) Nielsen,P (2693)-Grischuk,A (2752) Beijing 2011}) 11... Bb7 12. b4 Nbd7 13. Qd3 Rfc8 $146 ({Predecessor:} 13... Nd5 14. Nxd5 Bxd5 15. Rfe1 Rfe8 16. e4 Bc4 17. Qd2 Qa3 18. e5 Bd5 {1-0 (48) Kiik,K (2436)-Pihlajasalo,H (2210) Finland 2005}) 14. Bd2 Nd5 15. Nxb5 N7b6 16. a4 Nxa4 17. Nxd6 Qxd3 $1 18. exd3 exd6 19. Rxa4 Nc3 20. Bxc3 (20. Ra5 {seems wilder.} Ne2+ 21. Kh2 Rc2 22. Be3 Rb2 23. Rfa1) 20... Rxc3 21. Rfa1 Rf8 22. Rxa7 Bxf3 23. Bxf3 Rxd3 24. R1a3 Rd2 25. Ra2 Rxa2 26. Rxa2 Bxd4 $14 {[%mdl 4096] Endgame KRB-KRB} 27. Bc6 Rc8 28. b5 Rc7 29. Kg2 Ra7 30. Rxa7 (30. Ra6 {with more complications.} Kf8 31. f4 Ke7 32. Bd5 h5 33. g4) 30... Bxa7 {KB-KB. The position is equal.} 31. g4 h6 32. f4 Kg7 33. Be4 Kf6 34. Bd5 Ke7 35. h4 f5 36. g5 h5 37. Kf3 Bb6 38. Kg2 Bc5 39. Kg3 Bb6 40. Kf3 Bc5 41. Ke2 Bb6 42. Kd2 Bf2 43. Ke2 Bc5 44. Kd2 Bf2 45. Kd3 Bb6 46. Bb3 Bf2 47. Bd5 Bc5 48. Bg8 Kf8 49. Bb3 Ke7 50. Kc4 Bf2 51. Kd3 Bb6 52. Bd5 Bf2 53. Kd2 Bc5 54. Kd3 {Accuracy: White = 59%, Black = 58%.} 1/2-1/2

[Event "elllobregat Open-A 2019"]
[Site "El Prat de Llobregat"]
[Date "2019.12.10"]
[Round "8.14"]
[White "Di Nicolantonio, Lucas"]
[Black "Gagare, Shardul"]
[Result "0-1"]
[WhiteElo "2399"]
[BlackElo "2488"]
[Annotator "TA"]
[PlyCount "86"]
[EventDate "2019.12.03"]
[EventType "swiss"]
[EventCountry "ESP"]
[SourceTitle "playchess.com"]
[Source "ChessBase"]
[SourceQuality "1"]

{[%evp 11,90,-1,0,0,25,-19,-18,-4,0,0,-51,-37,0,0,0,0,0,0,0,-38,-17,-26,-38,-54,0,0,18,28,43,35,30,40,58,37,41,8,11,28,0,0,70,95,96,113,98,67,80,64,170,168,193,191,166,49,58,48,45,14,14,14,61,69,73,-72,-66,-46,-37,-44,-7,-13,-1,-550,-550,-525,-524,-29983,-29984,-29984,-29985,-29985,-29949]} 1. e4 e5 2. Nf3 Nc6 3. d4 exd4 4. Nxd4 Bc5 5. Nb3 Bb6 6. Nc3 Nf6 7. Qe2 {C45: Scotch Game} (7. Bg5 h6 8. Bh4 d6 9. f3 g5 10. Bg3 a6 11. Qd2 Qe7 12. O-O-O Be6 13. Na4 Ba7 14. Na5 Nxa5 15. Qxa5 Nh5 16. Be1 {½-½ (49) Chigaev,M (2637)-Malakhov,V (2660) Sochi 2019}) 7... O-O 8. Bg5 h6 9. Bh4 {The position is equal.} a5 10. O-O-O a4 11. Nd2 Bd4 12. Nb5 a3 13. bxa3 d6 14. Nxd4 Nxd4 {[%cal Bc6d4,Bd4e6,Be6c5][%mdl 32]} 15. Qd3 $146 (15. Qe3 {keeps more tension.} Nc6 16. Qb3 Be6 17. Qb2 Qb8 18. Bxf6 gxf6 19. Qxf6 Qa7 20. Nb1) 15... Ne6 16. Qb3 Nc5 17. Qb2 g5 (17... Re8 $15) 18. Bg3 $11 Nfxe4 19. Nxe4 Nxe4 20. f3 $1 {[%cal Rf3e4]} Nc5 21. h4 Be6 22. Bb5 Qe7 23. Rd4 f6 24. hxg5 hxg5 25. Rdd1 Qg7 (25... Kg7 $1 $11) 26. Bf2 $14 Na4 27. Qd4 Nc5 28. Rde1 Bxa2 29. Kb2 Be6 ({Black should try} 29... Bf7 $1 $14) 30. Qc3 $18 Bd5 31. Bxc5 dxc5 {[#]} 32. Qxc5 (32. Bd3 $1 $18 {[%cal Rd3h7]} f5 33. Re5) 32... c6 $1 $14 33. Bd3 {Rh7 is the strong threat.} f5+ 34. c3 {Threatening Bc4.} b6 $1 {[%cal Rb6c5]} 35. Qd6 {Black must now prevent Re7.} Rad8 (35... Rfd8 $5 {[%cal Rd8d6]} 36. Qe5 Bf7 37. Qxf5 Ra5 38. Qh7+ Qxh7 39. Bxh7+ Kf8 $11) 36. Qh2 $1 Bf7 37. Bxf5 (37. Bc2 $16) 37... Rd2+ $17 38. Bc2 Bg6 $1 39. Rc1 Rfd8 (39... Ra8 $5 {[%cal Rg7f6]} 40. Qh6 Ra5 $17) 40. Qh3 Qe5 $40 {[%mdl 128] [#] Threatens to win with ...Kf7. Black attacks.} 41. Kb1 $2 {[%mdl 8192]} (41. f4 $1 $11 {[%mdl 512] and White has nothing to worry.} gxf4 (41... Qxf4 42. Ka1) 42. Qg4) 41... Rxc2 $19 42. Rxc2 Kf7 {Strongly threatening ...Qb5+.} 43. Kc1 {[#]} Qa5 {Played: Qe5-c5} 0-1

[Event "elllobregat Open-A 2019"]
[Site "El Prat de Llobregat"]
[Date "2019.12.10"]
[Round "8.15"]
[White "Kobo, Ori"]
[Black "Mendonca, Leon Luke"]
[Result "1/2-1/2"]
[WhiteElo "2431"]
[BlackElo "2046"]
[Annotator "TA"]
[PlyCount "143"]
[EventDate "2019.12.03"]
[EventType "swiss"]
[EventCountry "ESP"]
[SourceTitle "playchess.com"]
[Source "ChessBase"]
[SourceQuality "1"]

{[%evp 18,143,7,14,16,6,17,14,20,11,18,19,10,1,16,0,0,0,35,18,33,24,29,0,0,-10,0,0,0,0,0,-11,-5,-14,0,-24,-29,-58,-50,-52,-53,-55,0,0,0,0,0,0,0,0,0,0,0,0,0,0,0,0,0,0,0,0,0,-1,-1,-13,-5,-106,-106,-106,-106,-106,-106,-106,-106,-106,0,0,0,0,0,0,0,0,0,0,0,0,0,0,0,0,0,0,0,0,0,0,0,0,0,0,0,0,0,0,0,-5,0,-5,0,-18,0,-32,0,-33,0,0,0,0,0,0,0,0,0,0,0,0]} 1. d4 Nf6 2. c4 e6 3. g3 d5 4. Bg2 Be7 5. Nf3 O-O 6. Nc3 dxc4 7. Ne5 c5 8. dxc5 Qxd1+ 9. Nxd1 Bxc5 10. O-O Nd5 $146 {E06: Closed Catalan: Early deviations} (10... Nc6 11. Bxc6 bxc6 12. Be3 Bb6 13. Bxb6 axb6 14. Nc3 Bd7 15. Rfd1 Rfd8 16. Nxc4 b5 17. Ne5 Be8 18. Rxd8 Rxd8 {1-0 (64) Giri,A (2797)-Jakovenko,D (2719) Shenzhen 2019}) 11. Ne3 Nxe3 12. Bxe3 Bxe3 13. fxe3 c3 14. bxc3 Na6 15. Rf4 Rb8 16. Rd1 f6 17. Nd3 Rd8 18. Rd4 Rxd4 19. exd4 b6 20. Nf4 Kf7 21. e4 Bd7 22. Bf1 Nc7 23. c4 Ne8 24. Kf2 Rc8 25. Ke3 Ke7 26. Rc1 Nd6 27. c5 bxc5 28. dxc5 Nb7 29. Nd3 Rc7 ({Black should play} 29... e5 $15) 30. e5 $11 Bb5 31. Bg2 Bxd3 32. Bxb7 Rxb7 33. exf6+ gxf6 {[#] Strongly threatening ...Bb5.} 34. Kxd3 {[%mdl 4096] Endgame KR-KR} Rb2 35. c6 {Threatens to win with c7.} Kd8 36. Rf1 f5 37. Re1 Rxa2 38. Rxe6 Rxh2 39. Kd4 Kc7 40. Kd5 Kb6 {next ...Rd2+ is good for Black.} 41. Rf6 Rd2+ 42. Kc4 (42. Ke5 $11 {was the only way to keep the balance.}) 42... Rc2+ $17 43. Kb4 Rxc6 44. Rxf5 Rg6 45. Rf3 h6 46. Kc3 {[#]} Kc5 (46... h5 $1 $17) 47. Rf5+ $11 Kc6 48. Kc2 a6 49. Rh5 Kd6 50. Kd2 Ke7 51. Ra5 Rc6 52. g4 Rg6 53. Kd3 Kd7 54. Rh5 Ke7 55. Ra5 Kf7 56. Ke3 Re6+ 57. Kd3 Kg6 58. Kd4 Rb6 59. Kd3 Kg7 60. Ke4 Re6+ (60... Kg8 {is more complex.} 61. Ke3 Rb3+ 62. Kf4 Rb4+ 63. Kg3 Rb6) 61. Kd3 Kf7 62. Rh5 Rd6+ 63. Ke3 Rg6 64. Ra5 Ke7 65. Kd3 Kd7 66. Rh5 Rd6+ 67. Kc3 {The position is equal.} Kc6 68. g5 hxg5 69. Rxg5 Rd5 70. Rxd5 Kxd5 71. Kb4 a5+ 72. Kxa5 {Accuracy: White = 73%, Black = 58%.} 1/2-1/2

[Event "elllobregat Open-A 2019"]
[Site "El Prat de Llobregat"]
[Date "2019.12.10"]
[Round "8.16"]
[White "Perez Mitjans, Orelvis"]
[Black "Bryakin, Mikhail"]
[Result "0-1"]
[WhiteElo "2368"]
[BlackElo "2476"]
[Annotator "TA"]
[PlyCount "62"]
[EventDate "2019.12.03"]
[EventType "swiss"]
[EventCountry "ESP"]
[SourceTitle "playchess.com"]
[Source "ChessBase"]
[SourceQuality "1"]

{[%evp 9,112,18,25,0,13,12,14,13,18,12,20,27,28,8,31,20,16,0,47,41,46,44,59,51,59,0,0,0,0,0,0,-11,-12,-55,-61,-56,-66,-74,-63,-112,-125,-206,-195,-235,-127,-134,-137,-153,-76,-56,-15,-252,-249,-408,-246,-228,-247,-217,-177,-337,-330,-330,-325,-293,-89,-127,12,-98,-92,-812,-793,-783,-630,-702,-617,-812,-808,-809,-807,-807,-792,-762,-768,-670,0,0,0,-689,-729,-989,-946,-1004,-932,-951,-992,-936,-967,-835,-645,-1854,-1684,-12826,-11989,-2138,-1093]} 1. e4 c5 2. Nc3 Nc6 3. Bb5 g6 4. Nf3 Bg7 5. O-O e5 6. Bxc6 {B31: Sicilian: 2...Nc6 3 Bb5 g6} dxc6 7. d3 Qe7 (7... Ne7 8. a4 a5 9. Be3 b6 10. Nd2 {½-½ (10) Kovalev,V (2651)-Saric,I (2660) Spilimbergo 2019}) 8. a4 {The position is equal.} a5 9. Nd2 Be6 10. b3 Nf6 11. Nc4 Nd7 12. Bd2 $146 ({Predecessor:} 12. Be3 O-O 13. Qd2 Rfd8 {½-½ (73) Zhelnin,V (2462)-Dobrov,V (2339) St Petersburg 2000}) 12... O-O 13. Qc1 f5 14. Bg5 Bf6 15. Bxf6 Qxf6 16. exf5 $1 gxf5 17. f4 (17. Qd2 $14) 17... e4 $11 18. Ne2 exd3 19. cxd3 b5 20. Nd2 Bd5 21. Qc3 Rfe8 $36 {[%mdl 2048] Black has some pressure.} 22. Qxf6 Nxf6 23. Ng3 Re3 24. Nxf5 Rxd3 {[%mdl 64] Double Attack} 25. Nf3 (25. Rf2 $17) 25... Rxb3 $19 26. Rfc1 Bxf3 (26... c4 $19 27. Ne7+ Kg7) 27. gxf3 $17 c4 28. Ne7+ Kf7 (28... Kh8 $142 $1 29. Nxc6 Rxf3) 29. Nxc6 Rg8+ 30. Kf2 $2 (30. Kh1 $11) 30... Nd5 $1 $19 {( -> ...Rb2+)} 31. Rcb1 $2 (31. Ne5+ Kf8 32. Rcb1 Nxf4 33. Rxb3 cxb3 34. Ke3 Nd5+ 35. Kd4) 31... Nxf4 {Played: Nd5-c3} 0-1

[Event "elllobregat Open-A 2019"]
[Site "El Prat de Llobregat"]
[Date "2019.12.10"]
[Round "8.17"]
[White "Harsha Bharathakoti"]
[Black "Gombocz, Ferenc Jr."]
[Result "1-0"]
[WhiteElo "2488"]
[BlackElo "1832"]
[Annotator "TA"]
[PlyCount "99"]
[EventDate "2019.12.03"]
[EventType "swiss"]
[EventCountry "ESP"]
[SourceTitle "playchess.com"]
[Source "ChessBase"]
[SourceQuality "1"]

{[%evp 12,99,13,2,10,0,11,14,42,18,61,64,104,97,152,154,157,146,299,296,289,284,285,-27,-26,-27,-20,-24,-29,-23,-33,-19,-2,-16,-10,-66,-39,-25,-9,0,0,-104,-115,-141,-99,-193,-181,-185,-143,-147,-131,-138,-131,-133,-52,-206,387,378,389,384,393,388,381,381,482,487,722,552,667,636,720,719,945,866,1069,1069,990,950,1137,1025,29978,29979,29980,29981,29970,29967,29978,29978,29986,29987]} 1. e4 e5 2. Bc4 Nf6 3. d3 c6 4. Nf3 d5 5. Bb3 Bd6 6. Nc3 d4 7. Ne2 {[%cal Bc3e2,Be2g3,Bg3f5][%mdl 32]} O-O {C24: Bishop's Opening: 2...Nf6} 8. O-O h6 (8... c5 9. Ng3 Nc6 10. Nh4 g6 11. Bg5 Be7 12. Nf3 Kg7 13. h3 Ng8 14. Bd2 h6 15. c3 {1-0 (47) Grischuk,A (2783)-El Gindy,E (2455) Tbilisi 2017}) 9. Ng3 Na6 {The position is equal.} 10. c3 c5 11. Nh4 Nc7 $146 ({Predecessor:} 11... dxc3 12. bxc3 b5 13. Nhf5 Be6 14. Qf3 Be7 15. Nxe7+ Qxe7 {½-½ (83) Vasilkova,S (2359)-Voit,D (2166) Moscow 2008}) 12. Ngf5 Kh7 (12... Ne6 $142) 13. f4 $16 dxc3 14. bxc3 {fxe5 is the strong threat.} Ng8 $2 (14... Bxf5 $16 {might work better.} 15. Nxf5 Ne6) 15. Nxd6 $18 Qxd6 16. fxe5 Qe7 17. d4 $2 (17. Qe1 $18) 17... Qxh4 $11 18. d5 Bg4 19. Qc2 Bh5 20. Bf4 Rac8 21. Bg3 Qg4 22. Rae1 Qd7 23. c4 ({White should try} 23. a4 $11) 23... b5 (23... Ne6 $5 {[%cal Re6d4]} 24. Ba4 (24. dxe6 fxe6 25. Rf2 Qd4 $15) 24... Qc7 $11) 24. Rf2 $1 Kh8 25. Ref1 Bg6 26. e6 {[#]} (26. a4 $11) 26... Nxe6 $1 $17 27. dxe6 Qxe6 28. cxb5 (28. Qc1 $17) 28... c4 $19 29. Ba4 Bxe4 30. Qc3 f5 31. Bc2 Nf6 32. Be5 {[#]} Rf7 (32... Bxc2 $1 $17 33. Rxc2 Qb6+ 34. Qd4 Qxb5) 33. Rxf5 $2 {[#]} (33. Bxf6 $1 $15 Rxf6 34. Bxe4 Qxe4 35. a4) 33... Nd5 $4 {[%mdl 8192]} (33... Re8 $1 $19 34. Rxf6 gxf6 35. Bxf6+ Kg8 36. Qg3+ Kh7) 34. Rxf7 $18 Nxc3 35. Bxg7+ Kg8 36. Bxc3 {Rg7+ would kill now.} Qxf7 37. Rxf7 {aiming for Rg7+.} Kxf7 38. Bxe4 Ke6 (38... Re8 $142 39. Bd5+ {[%mdl 64] Double Attack} Ke7 40. Bxc4 Kd6 41. Bb4+ Ke5) 39. Kf2 Rd8 40. Ke2 Rd6 41. g4 Rd8 42. h4 Rg8 43. Kf3 Rf8+ 44. Bf5+ Kd5 45. Kf4 Re8 46. g5 {White mates.} hxg5+ 47. hxg5 Re2 48. g6 Rf2+ 49. Kg5 Rg2+ 50. Bg4 {Accuracy: White = 56%, Black = 39%.} 1-0